Microeconomía intermedia y sus aplicaciones

Збережено в:
Бібліографічні деталі
Автор: Nicholson, Walter (autor)
Формат: Книга
Мова:Іспанська
Опубліковано: Ciudad de México, México Thomson 2005
Редагування:Novena edición
Предмети:
Теги: Додати тег
Немає тегів, Будьте першим, хто поставить тег для цього запису!

MARC

LEADER 00000nam a2200000 a 4500
001 UCG6691
003 CL-VaPUC
005 20220822153005.0
008 110512e20050000mx |||||||||||||||||spa|d
999 |c 344842  |d 344840 
020 |a 9706864202 
040 |c Pontificia Universidad Católica de Valparaíso 
082 0 4 |a 338.5 NIC 2005  |2 21 
100 |a Nicholson, Walter  |e autor  |9 417065 
245 1 0 |a Microeconomía intermedia y sus aplicaciones 
250 |a Novena edición 
260 0 3 |a Ciudad de México, México  |b Thomson  |c 2005 
300 |a 615 páginas 
583 |a last modification  |c 20171218 05:51:20  |k Rodrigo Vera 
650 0 |a Economía   |9 255568  |v Oferta y demanda  |x Precios  
650 0 |a Microeconomía  |9 258126  |v Mercado 
942 |c BK  |2 ddc 
945 |d 20110512 00:00:00  |a jcampos 
952 |0 0  |1 0  |2 ddc  |4 0  |6 338_500000000000000_NIC_2005  |7 0  |8 A  |9 443164  |a BIBMEC  |b BIBMEC  |d 2019-11-22  |i 4776119  |o 338.5 NIC 2005  |p 4776119  |r 2024-01-19  |t 1  |w 2019-11-22  |y BK  |k MEC 
952 |0 0  |1 0  |2 ddc  |4 0  |6 338_500000000000000_NIC_2005  |7 0  |8 A  |9 578328  |a BIBMEC  |b BIBMEC  |d 2021-06-29  |i 5622514  |o 338.5 NIC 2005  |p 5622514  |r 2024-01-19  |t 2  |w 2021-06-29  |y BK  |k MEC